Accessory minerals of the Třebíč durbachite massif (SW Moravia)

Bibliographic Details
Main Author: Sulovský, Petr (Author)
Format: Article
Language:English
Subjects:
Source: 1. Mineralia slovaca 1. 0369-2086 1. Roč. 33, č. 5 (2001), s. 467-472
LEADER 01002nab#a2200337#ar4500
001 000046113
003 SVKKK
005 20060525145041.0
008 020520c2001 xo e engo
FMT
015 |a SNBRB2002/05-xxxxx 
038 |a SVKKK 
040 |a SVKKK  |b slo  |e AACR2 
041 0 |a eng  |b eng 
044 |a xo  |c SK 
080 |a 552.321.2(234.58)  |2 1981 
100 1 |a Sulovský, Petr  |4 aut 
242 1 0 |a Akcesorické minerály z třebíčskeho durbachitového masívu (jz. Morava) 
245 1 0 |a Accessory minerals of the Třebíč durbachite massif (SW Moravia)  |c Petr Sulovský 
300 |b Obr., tab. 
504 |a Bibliogr. odkazy 
504 |a Res. angl. 
650 0 4 |a masív durbachitový třebíčsky 
650 0 4 |a syenity  |x durbachit  |x minerály akcesorické  |z Morava juhozápadná (Česko) 
773 0 |t Mineralia slovaca  |x 0369-2086  |g Roč. 33, č. 5 (2001), s. 467-472 
958 |a CZ 
958 |a NB 
974 |a 244  |d 20020520 
992 |a RBX 
BAS
998 |a GEO